[Event "EU-Cup 19th"]
[Site "Rethymno"]
[Date "2003.09.29"]
[Round "2.2"]
[White "Brynell, Stellan"]
[Black "Sigfusson, Sigurdur Dadi"]
[Result "1/2-1/2"]
[WhiteElo "2511"]
[BlackElo "2323"]
[Annotator "Wedberg,T"]
[PlyCount "71"]
[EventDate "2003.09.28"]
[EventType "team-swiss"]
[EventRounds "7"]
[EventCountry "GRE"]
[SourceTitle "CBM 098"]
[Source "ChessBase"]
[SourceDate "2004.02.03"]
[SourceVersion "1"]
[SourceVersionDate "2004.02.03"]
[SourceQuality "1"]
[WhiteTeam "Malmo Linhams"]
[BlackTeam "Reykjavik Hellir"]
[WhiteTeamCountry "SWE"]
[BlackTeamCountry "ISL"]

1. e4 e5 2. Nf3 Nc6 3. Bb5 f5 {The Schliemann/Jaenisch variation is still
playable, but it´s rarely seen in top events.} 4. Nc3 fxe4 5. Nxe4 d5 6. Nxe5
dxe4 7. Nxc6 Qg5 {The sound choice.} (7... Qd5 {is risky.}) 8. Qe2 Nf6 9. f4
Qxf4 10. Ne5+ c6 11. d4 Qh4+ 12. g3 Qh3 13. Bc4 Be6 14. Bg5 (14. Qf1 $5 {
is an interesting alternative - see Dvoirys - Karpatchev/St Petersburg 1998.})
14... O-O-O 15. O-O-O Bd6 16. Bxe6+ Qxe6 17. Qc4 {This is the main line
against the 7. - Qg5 variation. White opts for a minute endgame advantage. The
e4-P is slightly weak - but it´s a passed P so White must take care.} Rhe8 18.
Qxe6+ Rxe6 19. Nc4 (19. Nf7 {might be a better chice.} Rd7 20. Nxd6+ Rexd6 21.
c3 Ng4 22. Rdf1 Rd5 23. Rf8+ Kc7 24. h4 h6 25. Bf4+ Kb6 26. Re1 $14 {1-0
Berkes,F-Meszaros,T/Paks 2000/EXT 2004 (60)}) 19... Be7 20. Rhe1 Ng4 $5 {
[%mdl 12] The N is quite irritating on g4. This game makes the line look
perfectly OK for Black.} (20... h6 21. Bxf6 Bxf6 22. c3 b5 23. Na5 h5 24. Nb3
Bg5+ 25. Kc2 Rf6 26. h4 Rf2+ 27. Kb1 Bh6 28. Rxe4 $16 {1-0 Matulovic,M-Ostojic,
N/Belgrade 1992/CBM 31 (48)}) 21. Bxe7 Rxe7 22. Re2 Red7 $1 {This seems to
equalize.} 23. h3 (23. c3 c5 24. h3 Nf6 25. Ne5 Rd5 26. Nf7 R8d7 27. Ne5 Rd8
$11) 23... Rxd4 $1 24. Rxd4 Rxd4 25. Rxe4 $1 $11 Rd1+ (25... Rxe4 26. Nd6+ Kd7
27. Nxe4 $11) 26. Kxd1 Nf2+ 27. Ke2 Nxe4 28. Kf3 Ng5+ 29. Kg4 Ne6 30. c3 Kd7
31. Kf5 Ke7 32. h4 Nc5 33. b3 g6+ 34. Ke5 b6 35. Kd4 Ke6 36. Ne3 1/2-1/2

[Event "Hoogovens-B"]
[Site "Wijk aan Zee"]
[Date "1994.01.??"]
[Round "4"]
[White "Nijboer, Friso"]
[Black "Jonkman, Harmen"]
[Result "1-0"]
[WhiteElo "2530"]
[BlackElo "2340"]
[Annotator "Wedberg,T"]
[PlyCount "107"]
[EventDate "1994.01.21"]
[EventType "tourn"]
[EventRounds "9"]
[EventCountry "NED"]
[EventCategory "9"]
[SourceTitle "CBM 040"]
[Source "ChessBase"]
[SourceDate "1994.06.01"]
[SourceVersion "1"]
[SourceVersionDate "1994.06.01"]
[SourceQuality "1"]

1. e4 e5 2. Nf3 Nc6 3. Bb5 f5 4. Nc3 fxe4 5. Nxe4 Nf6 6. Qe2 d5 7. Nxf6+ gxf6
8. d4 Bg7 9. dxe5 O-O 10. Bxc6 (10. e6 Ne5 11. Bf4 Qd6 $5 12. O-O (12. O-O-O $2
c6 13. Bc4 (13. Ba4 $2 Nd3+ $1 14. Rxd3 Qxf4+ 15. Kb1 Qxa4 $19) 13... Qb4 $17)
(12. e7 $5 Qxe7 13. O-O-O c6 14. Bd3 $13) 12... c6 13. Bd3 Qxe6 14. Rae1 Nxd3
15. Qxd3 Qf7 $10 {Hellers-Antunes/Novi Sad/1990/1/4-1/4/22}) 10... bxc6 11. e6
Re8 12. Be3 Bxe6 13. O-O-O $5 (13. Nd4 Bd7 14. Qf3 Re4 15. Nf5 Bxf5 16. Qxf5
Qe7 17. O-O Qe5 18. Qd7 Qd6 19. Qxd6 cxd6 $10 {Voorman,J-Timmerman,G/Dieren/
1988/1/4-1/4/70}) 13... Qd7 $6 $14 (13... Qb8 $5 {/\->b2}) (13... Qe7 $5 {
/\c5, d4}) 14. Qd2 Bg4 15. Rhg1 Kh8 16. Bh6 Re4 $6 (16... Bxf3 17. Bxg7+ Qxg7
18. gxf3 $14) 17. h3 Bh5 18. Bxg7+ Kxg7 19. g4 Bg6 20. Nd4 Rae8 21. f3 Re3 22.
h4 h6 23. h5 Bh7 24. Qb4 $1 $16 Qc8 25. Qa4 Qd7 26. Rgf1 Qd6 27. Qxc6 Qxc6 28.
Nxc6 Re2 29. Nd4 R2e3 30. b4 Rb8 31. Rfe1 Rxe1 32. Rxe1 Rxb4 33. Re7+ Kg8 34.
c3 Rc4 35. Kd2 c5 36. Nb5 a6 37. Nd6 Ra4 38. Re8+ Kg7 39. Re7+ Kg8 40. Ne8
Rxa2+ 41. Ke3 Kf8 42. Rxh7 Kxe8 43. Rxh6 Ke7 44. Rh7+ Ke6 45. Rc7 Kd6 46. Rc8
a5 47. Kf4 a4 48. Kf5 a3 49. h6 Rh2 50. Kg6 d4 51. cxd4 cxd4 52. Ra8 a2 53. h7
Ke5 54. Rxa2 1-0

[Event "Moscow Aeroflot op"]
[Site "Moscow"]
[Date "2002.02.05"]
[Round "2"]
[White "Geller, Jakov"]
[Black "Kuzmin, Gennadi P"]
[Result "1-0"]
[WhiteElo "2417"]
[BlackElo "2527"]
[Annotator "Wedberg,T"]
[PlyCount "135"]
[EventDate "2002.02.04"]
[EventType "swiss"]
[EventRounds "9"]
[EventCountry "RUS"]
[SourceTitle "CBM 088"]
[Source "ChessBase"]
[SourceDate "2002.03.21"]
[SourceVersion "1"]
[SourceVersionDate "2002.03.21"]
[SourceQuality "1"]

1. e4 {Hecht} e5 2. Nf3 Nc6 3. Bb5 f5 4. d3 fxe4 5. dxe4 Nf6 6. O-O Bc5 7. Qe2
d6 8. Qc4 $5 {[%mdl 4] White tries to hit Black before he has had time to get
his pieces out. This manouvre (Qe2-c4 before Nc3) is an interesting way to
justify the often maligned 4.d3.} Bb6 (8... Bd7 9. Nc3 a6 10. Bxc6 Bxc6 11.
Nxe5 Bxf2+ 12. Rxf2 dxe5 13. Bg5 Qe7 14. Raf1 Rf8 15. Rd1 Rd8 16. Nd5 $14 {
0-1 Nokso Koivisto,A-Kivijarvi,J/FIN 2000/EXT 2001 (53)}) (8... Qe7 9. Nc3 a6
10. Bxc6+ bxc6 11. Be3 Be6 12. Qa4 Bd7 13. Bxc5 dxc5 14. Ne2 $16 {1-0 Van de
Oudeweetering,A-Bor,W/Eindhoven 1986/EXT 2001 (54)}) 9. Nc3 Bd7 10. Ng5 (10.
Bg5 h6 11. Be3 Bxe3 12. fxe3 a6 13. Bxc6 Bxc6 14. Nh4 $1 Rf8 15. Ng6 Rf7 16.
Qe6+ $18 {1-0 Leskur,D-Dinic,V/Vrsac 2000/EXT 2001 (58)}) 10... Qe7 11. Nd5
Nxd5 12. exd5 Nd8 {Keeping e6 under control.} (12... Nd4 13. Bxd7+ Qxd7 14. c3
Nf5 15. Ne6 $16) 13. Bxd7+ Qxd7 14. Qe4 g6 (14... c6 15. Nxh7 cxd5 16. Qxd5 $1
$16) 15. a4 a5 16. Be3 O-O (16... Bxe3 17. fxe3 $16) 17. Bxb6 cxb6 18. f4 Qf5
19. fxe5 $3 {[%mdl 32] A beautiful continuation of White´s opening strategy.}
Qxg5 (19... Qxe4 20. Nxe4 dxe5 21. c4 $18 {Strategically won for White.}) 20.
Rxf8+ Kxf8 21. Rf1+ Kg8 22. e6 {[%csl Ra8,Rd8] The poor N on d8 is trapped and
at the same time it locks in the black R.} Qe7 23. c4 Rc8 24. b3 {[%csl Ga4,
Gb3,Gc4,Gd5,Ge6] White has finished his cage and is ready to start some
activity.} Rc7 25. Qd4 $1 (25. Qe3 b5 26. axb5 a4 {would give Black some hope.}
) 25... Nxe6 $8 26. dxe6 Qxe6 27. Qxb6 Re7 28. Qxa5 Qe3+ 29. Kh1 Kg7 (29...
Qxb3 $4 30. Qd8+ Kg7 31. Qf8#) 30. Qd8 $18 Rf7 31. Rxf7+ Kxf7 {Hecht: '[#] ein
weißer Mehrbauer Thema: Königssicherung'} 32. Qd7+ Kg8 33. Qc8+ Kg7 34. Qd7+
Kg8 35. Qc8+ Kg7 36. Qxb7+ Kh6 37. h3 Qe1+ 38. Kh2 Qe5+ 39. Kg1 Qe1+ 40. Kh2
Qe5+ 41. g3 Qb2+ 42. Qg2 Qxb3 43. Qd2+ Kg7 44. Qd4+ Kf7 45. Qxd6 Qxa4 46. Qd5+
Ke7 47. Qe5+ Kf7 48. c5 Qc2+ 49. Kg1 Qd2 50. h4 Qc2 51. Qd5+ Kf6 52. c6 Qe2 53.
c7 Qe1+ 54. Kh2 Qf2+ 55. Qg2 Qc5 56. Qf3+ Ke7 57. Qf4 Kd7 {'?' Hecht.} (57...
h5 $1 {Hecht} 58. Qe4+ Kd7 59. Qxg6 (59. Kg2 {Hecht} Qxc7 60. Qxg6 Qb7+ 61. Kf2
Qb2+ 62. Ke3 Qa3+ 63. Kf4 Qc1+ 64. Kf5 Qc5+ 65. Kf4 Qc1+ $11) 59... Qf2+ $11)
58. Qf7+ Kc8 59. Qg8+ Kxc7 60. Qxh7+ Kd8 61. Qxg6 Qf2+ 62. Kh3 Qf1+ 63. Kg4
Qe2+ 64. Kf5 Qf3+ 65. Ke6 Qc6+ 66. Kf7 Qe8+ 67. Kg7 Qe7+ 68. Qf7 $18 1-0

[Event "Evry 1st"]
[Site "Evry"]
[Date "2001.03.20"]
[Round "6"]
[White "Shchekachev, Andrei"]
[Black "Inkiov, Ventzislav"]
[Result "1-0"]
[WhiteElo "2537"]
[BlackElo "2448"]
[Annotator "Wedberg,T"]
[PlyCount "75"]
[EventDate "2001.03.??"]
[EventType "tourn"]
[EventRounds "9"]
[EventCountry "FRA"]
[EventCategory "8"]
[SourceTitle "CBM 083"]
[Source "ChessBase"]
[SourceDate "2001.07.05"]
[SourceVersion "1"]
[SourceVersionDate "2001.07.05"]
[SourceQuality "1"]

1. e4 e5 2. Nf3 Nc6 3. Bb5 f5 4. Nc3 fxe4 5. Nxe4 d5 6. Nxe5 dxe4 7. Nxc6 Qg5
8. Qe2 Nf6 9. f4 Qxf4 10. d4 (10. Ne5+ c6 11. d4 Qh4+ 12. g3 Qh3 13. Bc4 {
is considered to be more exact in some theoretical works, but it´s not all
that clear.}) 10... Qd6 11. Ne5+ c6 12. Bc4 Qxd4 {The critical test of 10.d4.
Black gets a P but White gets play.} (12... Be6 13. Bf4 (13. c3 Be7 14. O-O O-O
15. Bg5 Rae8 16. Rae1 $14 {1/2-1/2 De Firmian,N-Wieweg,J/Stockholm 1993/EXT
2000 (34)}) 13... Bxc4 14. Qxc4 Qd5 15. Qb3 Qxb3 16. axb3 $14 {1-0 Keres,
P-Zaitsev,A/Tallinn 1971/EXT 99 (37)}) 13. Bf7+ {Tempting, but not clearly
better than just developing with Bf4. Black´s K is stranded in the centre in
any case, so the check might be unnecessary.} (13. Bf4 Nd5 (13... Be7 14. c3
Qc5 15. O-O-O $36 {1/2-1/2 Jansa,V-Ruckschloss,K/Frenstat 1982/MCD (40)}) 14.
Bxd5 Qxd5 15. Rd1 Qe6 16. Rd4 Bc5 17. Rxe4 O-O 18. Nd3 Qd5 19. c4 Qf5 20. g4
$14 {1/2-1/2 Aronin,L-Mjasnikov,N/Tbilisi 1957/MCD (41)}) 13... Ke7 14. Bf4 Be6
$146 {[%mdl 8] Looks like an improvement.} (14... Bf5 15. Rd1 Qc5 16. Rf1 g6
17. g4 Nxg4 18. Qxg4 Bg7 19. Bg5+ Kf8 20. Nd7+ {1-0 Klovans,J-Kuznetsov,F/Rowy
2000/CBM 78 ext (20)}) 15. Bxe6 Kxe6 16. c3 Qd5 17. O-O Bd6 18. Ng4 Bc5+ (18...
Bxf4 19. Rxf4 $36) 19. Kh1 Qh5 20. Be5 $1 {[%mdl 64] A nice shot ensuring that
Black will suffer from his weak K.} Qxg4 $2 (20... Nxg4 $8 21. Qc4+ Ke7 (21...
Kxe5 $4 22. Qxc5+ $18) 22. Qxc5+ Ke8 $1 23. Rae1 $1 (23. Bd6 Qxc5 24. Bxc5 Nf6
$15) 23... Qxe5 (23... Nxh2 24. Rxe4 $18) 24. Qxe5+ Nxe5 25. Rxe4 Kd7 26. Rxe5
Rae8 $11) 21. Rxf6+ Kxe5 22. Qxg4 gxf6 23. Rf1 $18 Rad8 24. Qf4+ Kd5 25. Rd1+
Kc4 26. Qxe4+ Kb5 27. a4+ Kb6 28. a5+ Kc7 29. Rxd8 Rxd8 30. Qxh7+ Rd7 31. Qh5
Bd6 32. g3 Be5 33. Qe2 Rd5 34. a6 bxa6 35. Kg2 Rd7 36. Kf3 Rh7 37. h4 Kb7 38.
Qd3 1-0

[Event "London"]
[Site "London"]
[Date "1997.10.20"]
[Round "4"]
[White "McShane, Luke J"]
[Black "Turner, Matthew"]
[Result "1-0"]
[WhiteElo "2455"]
[BlackElo "2445"]
[Annotator "Wedberg,T"]
[PlyCount "67"]
[EventDate "1997.10.18"]
[EventType "tourn"]
[EventRounds "9"]
[EventCountry "ENG"]
[EventCategory "10"]
[SourceTitle "CBM 062"]
[Source "ChessBase"]
[SourceDate "1998.01.31"]
[SourceVersion "1"]
[SourceVersionDate "1998.01.31"]
[SourceQuality "1"]

1. e4 e5 2. Nf3 Nc6 3. Bb5 f5 4. Nc3 fxe4 5. Nxe4 Nf6 6. Qe2 d5 7. Nxf6+ gxf6
8. d4 Bg7 9. dxe5 O-O 10. Bxc6 bxc6 11. e6 Re8 12. Be3 Bxe6 13. O-O-O Qd7 $6 {
Blacks P-formation is weakened everywhere, so he needs to find a strategy that
can compensate for this. If Black could advance his c and f P:s attacking
possibilities would occur along the long black diagonal. Together with the
open b-file this could be very nasty for White.} (13... Qd6 $5 {[%cal Gc6c5,
Gf6f5,Yd5d4] Preparing c5 seems a good idea.} 14. Nd4 c5 15. Nxe6 Qxe6 $132 {
1/2-1/2 Garcia,G-Schliperman,I/World op 1995/EXT 97 (22)}) 14. Qd2 Bf7 (14...
Bg4 15. Rhg1 Kh8 16. Bh6 Re4 17. h3 Bh5 18. Bxg7+ Kxg7 19. g4 $16 {Nijboer,
F-Jonkman,H/Wijk-B 1994/CBM 40/[Wedberg]/1-0 (54)}) 15. h3 Rab8 16. Bc5 Qc8 17.
Rhe1 $14 Qa6 18. Rxe8+ Rxe8 19. Kb1 Bg6 20. Nd4 {[%csl Gc5,Gd4] Whites has a
nice grip over d4 and c5, the crucial squares in this line.} Qc4 21. Qb4 Qxb4
22. Bxb4 Bf8 23. Bxf8 Kxf8 24. b4 $16 a5 $6 (24... Rb8 25. a3 Rb6 26. Kc1 $16)
25. bxa5 c5 26. Nb3 c4 27. Nc5 c3 28. a6 c6 29. a4 Kf7 30. Ka2 Bxc2 31. Rc1 Bf5
32. g4 Be6 33. Re1 $1 d4+ 34. Rxe6 1-0

[Event "Tan Chin Nam Cup 3rd "]
[Site "Beijing"]
[Date "1997.08.16"]
[Round "7"]
[White "Liang, Jinrong"]
[Black "Sermek, Drazen"]
[Result "1-0"]
[WhiteElo "2425"]
[BlackElo "2565"]
[Annotator "Wedberg,T"]
[PlyCount "49"]
[EventDate "1997.08.11"]
[EventType "tourn"]
[EventRounds "11"]
[EventCountry "CHN"]
[EventCategory "12"]
[SourceTitle "CBM 061"]
[Source "ChessBase"]
[SourceDate "1997.11.23"]
[SourceVersion "1"]
[SourceVersionDate "1997.11.23"]
[SourceQuality "1"]

{Black tries an old plan suggested by Marshall, but it is not a new Marshall
gambit. White can defend and attack at the same time.} 1. e4 e5 2. Nf3 Nc6 3.
Bb5 f5 4. Nc3 Nf6 5. Qe2 Nd4 (5... Bc5 {This is main line and as far as I can
see Black is alright.} 6. exf5 (6. Bxc6 dxc6 7. Nxe5 fxe4 8. Nxe4 Nxe4 9. Qxe4
O-O 10. Qc4+ Qd5 11. Qxd5+ cxd5 12. Nd3 Bb6 13. f3 Bf5 $15 {0-1 Sellos,
D-Boudre,J/Val Maubuee 1989/EXT 89 (35)}) (6. O-O Nd4 7. Nxd4 Bxd4 8. Bc4 c6 9.
d3 $2 f4 $1 10. Nb1 d6 11. c3 Bb6 12. d4 Qe7 13. dxe5 dxe5 14. Kh1 Ng4 $1 $19 {
0-1 Peptan,C-Horvath,G/Balatonbereny op 1995/EXP 49 (40)}) 6... Qe7 7. Ne4 (7.
d3 Nd4 8. Nxd4 Bxd4 9. Be3 c6 10. Ba4 (10. Bc4 d5 11. Bb3 Bxe3 12. fxe3 Bxf5
$11 {1/2-1/2 Wach,M-Horvath,G/AUT-chT9495 1995/EXP 45 (24)}) 10... a5 11. a3
Bxc3+ (11... b5 12. Bb3 a4 13. Ba2 Bxc3+ 14. bxc3 d5 15. O-O Bxf5 16. Rfe1 O-O
17. Bd4 $16 {Mokry,K-Gross,S/CZE-ch Olomouc 1995/EXT 95ch/1-0 (56)}) 12. bxc3
d5 13. O-O Bxf5 $13 {1-0 Koch,J-Boudre,J/FRA-chT 1992/EXT 92ch2 (32)}) 7...
Nxe4 8. Qxe4 O-O (8... Bxf2+ $6 9. Kxf2 Qc5+ 10. d4 Qxb5 11. Nxe5 d5 12. Qe3
O-O 13. g4 $14 {1-0 Filipovic,B-Laub,P/Mendrisio op 1988/EXT 88op (39)}) 9. O-O
d6 10. Bxc6 bxc6 11. d4 Bxf5 12. Qe2 Bb6 13. dxe5 d5 $44 {0-1 Bagirov,
V-Kholmov,R/URS-ch29 Baku 1961/URS-ch (25)}) 6. Nxd4 exd4 7. e5 Ng4 8. h3 Nh6
9. Nb1 (9. Nd1 Qe7 10. c3 c6 11. Bd3 (11. Bc4 d5 (11... dxc3 12. bxc3 Nf7 13.
O-O d5 14. Bb3 Be6 15. d4 g5 16. f4 $14 {1-0 Jusic,Z-Gyimesi,Z/Stockerau op-J
1991/EXT 91op2 (25)}) 12. exd6 Qxe2+ 13. Kxe2 Nf7 14. Re1 Nxd6 15. Kf1+ Be7 16.
d3 Nxc4 17. dxc4 Kf7 18. cxd4 Bf6 $44 {1/2-1/2 Gruenfeld,Y-Rodriguez,O/New
York op 1987/CBM 02 (22)}) 11... dxc3 12. dxc3 Nf7 13. Bxf5 Qxe5 14. Ne3 Bc5
$11 {Spassky,B-Bisguier,A/Goteborg izt 1955/IZT/0-1 (68)}) 9... c6 10. Bc4 Qg5
11. O-O d5 12. exd6+ Kd8 {This is -/+ according to some old analysis by
Marshall, who saw a lot of Black attacking chances, but that is much too
optimistic.} 13. d3 (13. Qe5 $5) 13... f4 (13... Qf6 14. Qh5 f4 15. Nd2 Bf5 16.
Re1 $16) 14. Qf3 Bxd6 15. Nd2 Bc7 (15... Qe5 16. Ne4 Bc7 17. Bd2 Nf5 18. Ng5
$18 {1-0 Kasimdzhanov,R-Nieuwelink,K/Vlissingen op 1996/EXP 53 (22)}) 16. Ne4
Qh4 17. Re1 Rf8 (17... Re8 $142) 18. Nc5 Qg5 19. Ne6+ Bxe6 20. Bxe6 $16 Re8 21.
Bd2 Be5 22. Bb3 Kd7 23. Re4 $18 Rf8 24. Rae1 Rae8 25. Qe2 1-0

[Event "Prague"]
[Site "Prague"]
[Date "1993.??.??"]
[Round "1"]
[White "Kveinys, Aloyzas"]
[Black "David, Alberto"]
[Result "1-0"]
[WhiteElo "2535"]
[BlackElo "2380"]
[Annotator "Wedberg,T"]
[PlyCount "39"]
[EventDate "1993.09.??"]
[EventType "tourn"]
[EventRounds "9"]
[EventCountry "CZE"]
[EventCategory "10"]
[SourceTitle "CBM 037"]
[Source "ChessBase"]
[SourceDate "1993.12.01"]
[SourceVersion "1"]
[SourceVersionDate "1993.12.01"]
[SourceQuality "1"]

1. e4 e5 2. Nf3 Nc6 3. Bb5 f5 4. Nc3 Nd4 5. Ba4 Nf6 6. O-O Bc5 7. Nxe5 O-O 8.
Nd3 fxe4 9. Nxc5 d5 10. d3 Ng4 11. N5xe4 dxe4 12. Nxe4 Qh4 13. h3 Ne5 14. f4
Bg4 15. Qd2 Bf3 {~/= ECO} 16. Rf2 (16. fxe5 Bxe4 17. Rf2 Nf3+ 18. gxf3 Rxf3 19.
dxe4 Raf8 20. Bb3+ Kh8 21. Rxf3 Rxf3 22. e6 Rg3+ {1/2-1/2/Baranov-Chodjakov/
1965}) (16. Nc3 Rf6 17. Qf2 Rg6 18. Qxh4 Rxg2+ 19. Kh1 Rf2+ 20. Kg1 Rg2+ 21.
Kh1 {1/2-1/2/Scheschlija-Dukic/1967}) 16... Bxe4 17. dxe4 Rad8 18. fxe5 Nf3+
19. Rxf3 Rxf3 $1 (19... Rxd2 20. Bb3+ $18) 20. Qg5 (20. Qg5 Rd1+ 21. Kh2 Qe1 (
21... Rxh3+ $2 22. gxh3 Qxg5 23. Bxg5 Rxa1 24. e6 $18) (21... Qf2 $2 22. Be3
$18) 22. gxf3 Qh1+ 23. Kg3 Rg1+ 24. Kh4 Rxg5 25. Kxg5 Qxf3 $13) 1-0

[Event "GER-ch 75th"]
[Site "Hoeckendorf"]
[Date "2004.02.07"]
[Round "9"]
[White "Naiditsch, Arkadij"]
[Black "Breutigam, Martin"]
[Result "1-0"]
[WhiteElo "2576"]
[BlackElo "2409"]
[Annotator "Wedberg,T"]
[PlyCount "73"]
[EventDate "2004.01.30"]
[EventType "swiss"]
[EventRounds "9"]
[EventCountry "GER"]
[SourceTitle "CBM 100"]
[Source "ChessBase"]
[SourceDate "2004.06.01"]
[SourceVersion "1"]
[SourceVersionDate "2004.06.01"]
[SourceQuality "1"]

1. e4 e5 2. Nf3 Nc6 3. Bb5 f5 4. Nc3 Nd4 5. Bd3 $5 {This move looks awkward.
We shun moves like this because blocking the d-P with a B is rightly
considered to be a patzer move in an open game. But that is just generally. In
this case it might very well be playable. Time will tell.} Nf6 (5... fxe4 6.
Nxe4 d5 (6... Nxf3+ 7. Qxf3 Nf6 8. Ng5 $5 (8. O-O {see next comment.}) 8... Qe7
9. Bxh7 Rxh7 10. Nxh7 Nxh7 11. Qh5+ g6 12. Qxg6+ $13) 7. Nxd4 dxe4 8. Qh5+ g6
9. Qxe5+ Qe7 10. Bb5+ Bd7 11. Qxc7 {1-0 Dvoirys,S-Mihailidis,A/Ano Liosia 2000/
CBM 79 ext (11)}) 6. O-O Nxf3+ 7. Qxf3 f4 $6 {After this concession White is
better.} (7... fxe4 {This is the logical move to exchange some pieces.} 8. Nxe4
c6 (8... d5 9. Nxf6+ gxf6 10. Qh5+ Kd7 11. Qf7+ Kc6 12. c4 $36) 9. Re1 d5 10.
Nxf6+ gxf6 (10... Qxf6 11. Qh5+ $14) 11. Qh5+ Kd7 $13) 8. Bc4 {[%cal Yd2d4]
Mending Whites position and making it difficult for Black to castle. The
threat of d4 is also strong.} Bc5 (8... c6 9. d4 $1 $36) 9. Na4 $1 d6 10. Nxc5
dxc5 11. b4 cxb4 (11... Qd4 12. Qb3 Qxa1 13. Bb2 Qxf1+ 14. Kxf1 $16 {[%csl Re8]
}) 12. Bb2 Qe7 13. d4 Bg4 14. Qb3 Nd7 $2 (14... Nxe4 15. Rfe1 Nd2 16. Qa4+ Bd7
17. Bb5 Nc4 $1 {and its still a game.}) 15. f3 Bh5 16. a3 $16 {Now its a
one-sided game. The white B:s are too strong.} Bf7 17. axb4 Bxc4 18. Qxc4 Nb6
19. Qb5+ Kf7 20. dxe5 Qe6 21. Qc5 Rhd8 22. Rfd1 Rac8 23. Rd3 Rxd3 24. cxd3 $18
g5 25. d4 g4 26. d5 Qg6 27. e6+ Ke8 28. Kh1 c6 29. Rxa7 gxf3 30. gxf3 Qh5 31.
Qc3 cxd5 32. Qh8+ Ke7 33. Rxb7+ Kd6 34. Rxb6+ Kc7 35. Rc6+ Kxc6 36. Qxc8+ Kb5
37. Qc5+ 1-0

[Event "YUG-ch"]
[Site "Novi Sad"]
[Date "1995.??.??"]
[Round "?"]
[White "Popovic, Petar"]
[Black "Ristic, Nenad"]
[Result "1-0"]
[WhiteElo "2545"]
[BlackElo "2395"]
[Annotator "Wedberg,T"]
[PlyCount "77"]
[EventDate "1995.02.??"]
[EventType "tourn"]
[EventRounds "17"]
[EventCountry "YUG"]
[EventCategory "10"]
[SourceTitle "CBM 049"]
[Source "ChessBase"]
[SourceDate "1995.12.01"]
[SourceVersion "1"]
[SourceVersionDate "1995.12.01"]
[SourceQuality "1"]

1. e4 e5 2. Nf3 Nc6 3. Bb5 f5 4. Nc3 fxe4 5. Nxe4 d5 6. Ng3 Bg4 7. d4 e4 8. h3
exf3 (8... Bd7 9. Bxc6 bxc6 (9... Bxc6 10. Ne5 Nf6 $10 {Tseitlin,M}) 10. Ne5
Nf6 11. Nh5 g6 12. Nxf6+ Qxf6 13. O-O Bd6 14. Be3 Qe6 15. f4 O-O 16. c4 Rab8
17. Qe2 Rb4 $13 {Panchenko,A-Sekulic,D/Belgrade GMA-op 1988 (42)}) 9. hxg4 fxg2
10. Rg1 Qd6 11. Qe2+ Nge7 12. Bg5 Kf7 $2 (12... O-O-O 13. O-O-O (13. Nf5 Nxf5
$1 $17) 13... h6 14. Nf5 $2 (14. Bxc6 Qxc6 15. Bxe7 Re8 16. Nf5 g6 17. Qf3 $10
{Schwarz,R}) 14... Nxf5 15. Bxd8 Nfxd4 16. Rxd4 Nxd4 17. Qe8 Be7 18. Qxh8 Bxd8
19. Rxg2 Qf4+ 20. Kb1 Nxb5 $19 {Shusterman-Agzamov,V/USSR 1966 (32)}) 13. O-O-O
$16 a6 14. Qf3+ Kg8 15. Be2 Ng6 16. Nf5 Qd7 17. Rxg2 Be7 18. Nxe7+ Ncxe7 19.
Qg3 $1 {[%cal Rf2f5]} Rf8 20. Bd3 Rf7 21. Re1 Qc6 22. Kb1 a5 23. f3 (23. f4 $6
h6) 23... h6 24. Be3 Nf8 25. f4 Nc8 26. f5 Nh7 27. Bf4 Nd6 28. Rge2 Ng5 29.
Bxg5 hxg5 30. Qe3 b5 31. Qxg5 b4 32. f6 Rh6 (32... Rxf6 33. Re7 Rf7 34. Rxf7
Nxf7 35. Qxd5 $1 Qxd5 36. Re8#) 33. fxg7 Ne4 34. Bxe4 dxe4 35. Qxa5 Rxg7 36.
Qxb4 Rxg4 37. b3 Rh3 38. d5 Qxd5 39. Rxe4 1-0

[Event "CUB-ch"]
[Site "Holguin"]
[Date "2002.04.16"]
[Round "14"]
[White "Vazquez Igarza, Renier"]
[Black "Gomez Fontal, Felix Manuel"]
[Result "1/2-1/2"]
[WhiteElo "2442"]
[BlackElo "2406"]
[Annotator "Wedberg,T"]
[PlyCount "66"]
[EventDate "2002.03.31"]
[EventType "tourn"]
[EventRounds "17"]
[EventCountry "CUB"]
[EventCategory "9"]
[SourceTitle "CBM 089"]
[Source "ChessBase"]
[SourceDate "2002.08.12"]
[SourceVersion "1"]
[SourceVersionDate "2002.08.12"]
[SourceQuality "1"]

1. e4 e5 2. Nf3 Nc6 3. Bb5 f5 4. d3 fxe4 5. dxe4 Nf6 6. O-O Bc5 7. Qe2 Qe7 $5
$146 {[%mdl 8] Given the problems Black has had after 7. - d6 this looks
interesting. It's in fact an old recommendation, but I have found no games
with it.} (7... d6 8. Qc4 $1 $40 Bd7 (8... Qe7 $6 {looks like a mistake after}
9. b4 $5 Be6 10. Bxc6+ bxc6 11. Qa6 Bb6 12. a4 Nxe4 13. a5 Bxf2+ 14. Rxf2 Nxf2
15. Qxc6+ Kf7 16. Kxf2 $14 {1-0 Al Modiahki,M-El Arabi,A/Beirut 2000/CBM 77
ext (50)}) 9. Nc3 Qe7 (9... Bb6 10. Bg5 (10. Ng5 $5 Qe7 11. Nd5 $36) 10... h6
11. Be3 Bxe3 12. fxe3 a6 13. Bxc6 Bxc6 14. Nh4 $1 $16 {1-0 Leskur,D-Dinic,V/
Vrsac 2000/EXT 2001 (58)}) (9... a6 10. Bxc6 Bxc6 11. Nxe5 Bxf2+ 12. Rxf2 dxe5
{and now simply} 13. Bh6 $1 $16) 10. Nd5 Nxd5 11. exd5 Nd4 12. Bxd7+ Qxd7 13.
Nxe5 Qf5 14. Nd3 $14 {1-0 Wikner,A-Thoren,P/Stockholm 1994/EXT 2000 (28)}) 8.
Nc3 {After this Black has no problems.} (8. Bg5 $5 {is critical} O-O 9. Nc3 {
[%cal Yc3d5]}) (8. Qc4 a6 $5 9. Bxc6 dxc6 $132) 8... Nd4 $1 9. Nxd4 Bxd4 {
Already this looks fine for Black. c6 is a threat taking away d5 from White.}
10. Nd5 $5 Nxd5 11. exd5 O-O 12. c3 Bb6 13. Be3 d6 $6 {A slight mistake giving
White a chance to exploit the pin on the e-file.} (13... Qf6 $11) 14. Bxb6 axb6
15. f4 $1 $14 {[%csl Re7]} Bf5 16. a4 Rac8 17. Rae1 c6 18. Bc4 cxd5 19. Bxd5+
Be6 20. Bxe6+ Qxe6 21. fxe5 Rxf1+ 22. Kxf1 Rf8+ 23. Kg1 Re8 24. Qe4 dxe5 25.
Qxb7 (25. c4 $14) 25... e4 $1 $132 26. Qa6 (26. b4 e3 27. a5 Qa2 $1 $132) 26...
e3 27. Qd3 e2 28. h3 h6 29. b4 Qe5 30. Qd4 Qxd4+ 31. cxd4 Re4 32. a5 Rxd4 33.
Rxe2 Rxb4 1/2-1/2